000 00295nam a2200109Ia 4500
008 190216s9999||||xx |||||||||||||| ||und||
100 _aAhamed Moulavi
245 0 _aTeaching Of The Holly Prophet
260 _b"Sree Ram Vilas Press & Book Depot,Quilon"
650 _aIslamic History
942 _cBK
999 _c21992
_d21992